|
|
|
|
| LEADER |
03141nam a22004213i 4500 |
| 001 |
EBC6695166 |
| 003 |
MiAaPQ |
| 005 |
20231204023217.0 |
| 006 |
m o d | |
| 007 |
cr cnu|||||||| |
| 008 |
231204s2015 xx o ||||0 ger d |
| 020 |
|
|
|a 9783839406489
|q (electronic bk.)
|
| 020 |
|
|
|z 9783899426489
|
| 035 |
|
|
|a (MiAaPQ)EBC6695166
|
| 035 |
|
|
|a (Au-PeEL)EBL6695166
|
| 035 |
|
|
|a (OCoLC)1110449045
|
| 040 |
|
|
|a MiAaPQ
|b eng
|e rda
|e pn
|c MiAaPQ
|d MiAaPQ
|
| 100 |
1 |
|
|a Baringhorst, Sigrid.
|
| 245 |
1 |
0 |
|a Politik mit dem Einkaufswagen :
|b Unternehmen und Konsumenten als Bürger in der globalen Mediengesellschaft.
|
| 250 |
|
|
|a 1st ed.
|
| 264 |
|
1 |
|a Bielefeld :
|b transcript,
|c 2015.
|
| 264 |
|
4 |
|c {copy}2007.
|
| 300 |
|
|
|a 1 online resource (395 pages)
|
| 336 |
|
|
|a text
|b txt
|2 rdacontent
|
| 337 |
|
|
|a computer
|b c
|2 rdamedia
|
| 338 |
|
|
|a online resource
|b cr
|2 rdacarrier
|
| 490 |
1 |
|
|a Medienumbrüche ;
|v v.21
|
| 505 |
0 |
|
|a Cover -- Inhalt -- Verbraucher und Unternehmen als Bürger in der globalen Mediengesellschaft. Bürgerschaft als politische Dimension des Marktes -- Verbraucheröffentlichkeit und Bürgerschaft -- Die Autonomie des Verbrauchers und ihre politischen Formen. Bausteine einer Kulturtheorie des Consumer Citizen -- Konsumenten als Netizens. Das Internet als ambivalentes Medium für ein Empowerment von Verbrauchern -- Wandel und Kontinuität von Protestkulturen seit den 1960er Jahren: Eine Analyse ausgewählter Anti-Corporate Campaigns -- Protestnetzwerke im Internet - Kollektive Identitätskonstruktion in konzernkritischen Kampagnen? -- Politischer Konsum und Kampagnenpolitik als nationalstaatliche Steuerungsinstrumente? Das Beispiel der Kampagne Echt gerecht. Clever kaufen -- Unternehmen als kollektive Weltbürger -- Menschenrechtliche Verantwortung von Unternehmen -- Legitimationsfaktor Bürgerschaft. Die kommunikative Vermittlung von Corporate Citizenship -- Netzaktivismus. Herausforderung für die Unternehmenskommunikation -- Unternehmenskommunikation als Stakeholder-Dialog -- Ethische Reputation als Börsenwert -- Bürgerschaft und Unternehmensführung. Die praktische Philosophie des Corporate Citizenship am Beispiel Bildung -- Fairtrade als subpolitisches Konzept. Ziele, Strukturen, Herausforderungen und Strategien -- Geheimwaffe CSR - wozu braucht's noch Kampagnen? -- Arm sein ist geil - Schnäppchenjäger und Smart Shopper in der Kampfzone -- Autoren.
|
| 588 |
|
|
|a Description based on publisher supplied metadata and other sources.
|
| 590 |
|
|
|a Electronic reproduction. Ann Arbor, Michigan : ProQuest Ebook Central, 2023. Available via World Wide Web. Access may be limited to ProQuest Ebook Central affiliated libraries.
|
| 655 |
|
4 |
|a Electronic books.
|
| 700 |
1 |
|
|a Kneip, Veronika.
|
| 700 |
1 |
|
|a März, Annegret.
|
| 700 |
1 |
|
|a Niesyto, Johanna.
|
| 776 |
0 |
8 |
|i Print version:
|a Baringhorst, Sigrid
|t Politik mit dem Einkaufswagen
|d Bielefeld : transcript,c2015
|z 9783899426489
|
| 797 |
2 |
|
|a ProQuest (Firm)
|
| 830 |
|
0 |
|a Medienumbrüche
|
| 856 |
4 |
0 |
|u https://ebookcentral.proquest.com/lib/matrademy/detail.action?docID=6695166
|z Click to View
|